000
00321 a2200157 4500
001
73070
020
_a
8526224476
040
_c
Anchieta - Colégio São Paulo
240
1
0
_a
Matemática
_l
por
245
1
0
_a
Matemática
300
_a
294
362
0
_a
1995
440
1
_a
Scipione
650
4
_a
Matemática
942
_c
BK
999
_c
73070
_d
73070